Days of the Week in Italian - Statistics

General Stats
  • This quiz has been taken 244 times
  • The average score is 6 of 7
Answer Stats
English Answer % Correct
Monday Lunedi
95%
Tuesday Martedi
88%
Saturday Sabato
86%
Wednesday Mercoledi
80%
Sunday Domenica
77%
Friday Venerdi
74%
Thursday Giovedi
69%
No matching quizzes found
Score Distribution
Percent of People with Each Score
Percentile by Number Answered
Your Score History
You have not taken this quiz